000 00433nam a2200169Ia 4500
003 LK-CoDNM
005 20240828123901.0
008 010623t1817 xxu||||| |||| 00| 1 eng d
040 _aLK-CoDNM
_dLK-CoDNM
_eLK-CoDNM
041 _aeng
080 _a22
_bT23
100 _aGibbon,Edward.
245 _aThe History of the Decline and fall of the Roman Empire
260 _bLondon
_c1817
300 _bix, 503p. : 22 cm
942 _cBK
999 _c80967
_d80967